000 00768nab a22002417a 4500
001 08933
003 HDC
007 cr bn ---aaaaa
008 210128c20190910my ||||| |||| 00| 00may d
040 _aHDC
100 _aJohn Gilbert,
_eauthor
_99354
245 0 _aMalaysia jadi rujukan industri makanan halal /
_cJohn Gilbert
336 _atext
_2rdacontent
337 _acomputer
_2rdamedia
338 _aonline resource
_2rdacarrier
650 _aHalal food industry
_9128
650 _aTourism
_9880
710 _aBerita Harian
856 _zRequest full-text at [email protected]
942 _2lcc
942 _cNEWS
942 _kNWSC 002234
999 _c6256
_d6256